Stemmi Squadre di calcio dal dettaglio - Quiz n°5 - Statistics

Statistiche generali
  • Questo quiz è stato fatto 9 volte
  • Il punteggio medio è 8 su 10
Statistiche sulle risposte
con Immagini Risposta % Corretto
Parma
100%
Pescara
100%
Bayer Leverkusen
89%
Colonia
89%
Lille
89%
Vicenza
89%
Young Boys
89%
Viktoria Plzeň
78%
Charlton
56%
Preston North End
33%
Nessun quiz corrispondente trovato
Distribuzione punteggi
Percentuale di utenti per punteggio
Percentile per numero di risposta
I tuoi punteggi nel tempo
Non hai fatto questo quiz